[Event "BL 2016-17"]
[Site "Germany"]
[Date "2017.03.19"]
[Round "10"]
[White "Rogozenco, Dorian"]
[Black "Meier, Georg"]
[Result "0-1"]
[WhiteElo "2480"]
[BlackElo "2630"]
[Annotator "TA"]
[PlyCount "136"]
[EventDate "2017.??.??"]
[EventType "team-tourn"]
[EventCountry "GER"]
[SourceTitle "playchess.com"]
[Source "ChessBase"]
[SourceQuality "1"]
[WhiteTeam "Hamburger SK"]
[BlackTeam "Baden-Baden"]

{[%evp 7,136,44,53,51,53,52,58,52,43,30,44,25,25,26,25,25,27,14,31,10,8,18,20,-61,-64,-42,-8,-1,0,-14,0,-110,-108,-116,-112,-106,-104,-104,-102,-116,-72,-77,-80,-81,-40,-41,-3,-4,-4,-86,-86,-77,-60,-67,-62,-67,-56,-82,-75,-133,-133,-133,-133,-133,-133,-185,-185,-185,-185,-185,-185,-524,-442,-803,-755,-918,-912,-862,-727,-1298,-1298,-1298,-1298,-583,-521,-2568,-755,-2329,-2227,-2538,-1803,-29965,-29968,-29951,-2614,-3297,-2516,-29971,-29973,-29973,-29974,-29974,-29975,-29976,-29977,-29964,-29968,-29969,-29969,-29969,-29970,-29970,-29971,-29971,-29972,-29972,-29973,-29969,-29974,-29974,-29974,-29966,-29966,-29974,-29977,-29977,-29978,-29978,-29979,-29979,-29977]} 1. d4 e6 2. c4 b6 3. e4 Bb7 4. Bd3 Bb4+ 5. Kf1 {A40: Unusual replies to 1 d4} Be7 6. Nf3 d6 7. Nc3 {White is slightly better.} Nd7 8. h3 $146 (8. g3 Bf6 9. Kg2 Ne7 10. Re1 O-O 11. Bc2 c5 12. Be3 cxd4 13. Bxd4 {0-1 (53) Sychev,K (2453)-Alekseev,E (2632) Tallinn 2016}) 8... Bf6 9. Qc2 Ne7 {[%cal Bg8e7,Be7g6,Bg6e5,Be5f3][%mdl 32]} 10. Be3 c5 11. d5 Ng6 12. Rd1 Qe7 13. Be2 O-O 14. h4 Nge5 15. g3 (15. Nxe5 $11 Bxe5 16. g3) 15... Nxf3 $1 $15 16. Bxf3 Rae8 17. Kg2 Bxc3 18. Qxc3 Ne5 (18... f5 $5 {with more complications.} 19. exf5 Qf7 20. Bf4 e5 21. Be3 Qxf5 22. Be2 b5) 19. Bf4 (19. Bh5 $1 $11 {remains equal.}) 19... Nxf3 $17 20. Qxf3 f5 21. Rhe1 fxe4 22. Qxe4 ({Not} 22. Rxe4 $2 Qf7 23. b3 e5 $19) 22... Qf7 {And now ...exd5 would win.} 23. Qd3 exd5 24. cxd5 {[#]} Bxd5+ $1 {[%mdl 512]} 25. f3 {Rxe8 is the strong threat.} (25. Qxd5 Qxd5+) 25... Ba8 26. Qxd6 h6 27. Rxe8 Rxe8 28. Qd3 (28. Kf2 $11) 28... Qxa2 29. Rd2 Qf7 30. Re2 Rxe2+ 31. Qxe2 Bc6 32. Qe5 Qb3 33. Qc3 {[#]} (33. Qe2 $142) 33... Qxc3 $1 34. bxc3 {[%mdl 4096] Endgame [#] KB-KB} a5 $1 35. Kf2 a4 36. Bc1 (36. c4 $17 {keeps fighting.}) 36... Bb5 $19 37. Ke3 Kf7 38. Ke4 Ke6 39. Ba3 $2 (39. Bf4) 39... Bc6+ 40. Kd3 (40. Ke3 $142 Kd5 41. Kd3) 40... Bxf3 41. c4 h5 42. Bc1 Kd7 43. Bb2 g6 44. Bc1 Kc6 45. Kc3 Be2 46. Bb2 {[#]} Bxc4 $1 {[%mdl 512]} (46... Bf1 $142 47. Bc1 Kd7) 47. Kxc4 {KB-KP} b5+ {[%cal Bb6b5,Bb5b4][%mdl 32]} 48. Kd3 Kd5 49. Bg7 b4 50. Bf8 a3 51. Kc2 Kc4 52. Bg7 Kb5 {Black mates.} 53. Kb3 c4+ {[%cal Bc5c4,Bc4c3,Bc3c2][%mdl 32]} 54. Ka2 Ka4 55. Bf6 c3 56. Kb1 Kb3 57. Be7 c2+ 58. Kc1 Kc3 59. Bf6+ Kd3 60. Be7 a2 {[%cal Ra2a1]} 61. Bf6 b3 62. Bg7 Ke4 63. Kd2 Kf5 64. Bd4 g5 65. hxg5 Kxg5 66. Bc3 Kg4 67. Be5 Kf3 68. Kc1 {[#]} a1=Q+ $1 {[%mdl 512]} 0-1

[Event "BL 2016-17"]
[Site "Germany"]
[Date "2017.03.19"]
[Round "10"]
[White "Hausrath, Daniel"]
[Black "Saric, Ivan"]
[Result "0-1"]
[WhiteElo "2479"]
[BlackElo "2648"]
[Annotator "TA"]
[PlyCount "112"]
[EventDate "2017.??.??"]
[EventType "team-tourn"]
[EventCountry "GER"]
[SourceTitle "playchess.com"]
[Source "ChessBase"]
[SourceQuality "1"]
[WhiteTeam "Mülheim Nord"]
[BlackTeam "Hockenheim"]

{[%evp 8,112,44,11,0,4,13,0,6,0,18,13,0,10,37,51,29,20,27,7,20,0,0,0,0,0,0,-16,-9,-82,-82,-82,-82,-82,-82,-94,-89,-97,-93,-98,-98,-98,-90,-134,-101,-100,-77,-64,-75,-94,-93,-94,-96,-96,-96,-209,-96,-144,-137,-135,-103,-174,-165,-244,-10,-132,-64,-63,0,0,0,0,0,0,0,0,0,0,0,-6,-9,-6,-3,-16,0,0,0,-7,0,0,0,0,0,-10,-10,-20,-20,-20,-17,-20,-20,-29995,-29996,-29996,-413,-29996,-29997]} 1. Nf3 g6 2. g3 Bg7 3. d4 c5 4. c3 Qa5 5. Nbd2 {Threatening Nb3.} cxd4 {A40: Unusual replies to 1 d4} 6. Nb3 (6. cxd4 Nc6 7. e3 Nf6 8. Bg2 Qa6 9. Qe2 Qxe2+ 10. Kxe2 b6 11. b3 Ba6+ 12. Ke1 Nb4 13. Kd1 Ng4 14. Rf1 Bxf1 15. Bxf1 Nxf2+ 16. Ke2 Ng4 17. Ba3 Nc2 {0-1 (17) Gunina,V (2506)-Malakhov,V (2707) Moscow 2013}) 6... Qd8 7. Nfxd4 $146 (7. cxd4 Nf6 8. Bg2 O-O 9. O-O d6 10. Re1 d5 11. Bf4 Bf5 12. Rc1 Na6 13. Nc5 Nxc5 14. dxc5 {1-0 (30) Greenfeld,A (2552)-Fraczek,D (2422) Dresden 2013}) 7... Nf6 {The position is equal.} 8. Bg2 O-O 9. O-O d5 10. Bg5 h6 11. Bxf6 $1 Bxf6 12. e4 dxe4 13. Bxe4 Nd7 14. Qc2 Qb6 15. a4 a5 16. Rfe1 Ne5 17. c4 Rd8 18. Nb5 (18. c5 $11 Qb4 19. Qc3) 18... Be6 $17 19. c5 Bxb3 $1 20. Qxb3 Qxc5 21. Rad1 Rab8 22. Kg2 e6 23. Re2 Rxd1 24. Qxd1 Rd8 25. Qc2 Qb4 26. b3 Kg7 27. Bxb7 Nd3 {Strongly threatening ...Ne1+.} 28. Qc4 Nc5 {[%cal Bd3c5,Bc5b3,Bb3d2][%mdl 32] White must now prevent ...Qxc4.} 29. Bf3 Nxb3 30. Qc7 Qc5 31. Qb7 (31. Rc2 $17 Qxc7 32. Rxc7) 31... Qe7 (31... Nc1 $1 $19 {[%cal Rc1e2] is more deadly.} 32. Nc7 Kg8) 32. Qb6 Nd2 33. Bc6 Nc4 34. Qa6 (34. Qa7 $17 {was called for.}) 34... Qc5 35. Nc7 (35. Be4 $142) 35... Be5 $2 (35... Rb8 $19 {aiming for ...Be7.} 36. h4 Bd8 37. Ne8+ Kf8) 36. Ne8+ {[#]} (36. Qb5 $11 {was the only way to keep the balance.} Qxb5 37. Nxe6+ $1 {[%mdl 512]} fxe6 38. Bxb5) 36... Kf8 (36... Rxe8 $1 $17 {[%mdl 512]} 37. Qb5 (37. Bxe8 $2 {perishes.} Qd5+ 38. Kh3 Bxg3 $19) 37... Qxb5 38. Bxb5 Rc8) 37. Qb5 $15 Bd4 ({Black should play} 37... Qxb5 $1 $15 38. Bxb5 Bd4 39. Bxc4 Rxe8) 38. Qxc5+ $11 Bxc5 39. Rc2 Ne5 40. Rxc5 Nxc6 {[%mdl 4096] Endgame KRN-KRN} 41. Nc7 Nb4 42. Rxa5 Rd2 43. Kf3 Ke7 44. Ra8 Ra2 45. a5 Nc6 46. a6 Ra5 47. Ke3 h5 48. h4 Kd6 49. Ne8+ Ke5 50. f4+ Kf5 51. Nd6+ Kg4 52. Nxf7 Kxg3 53. Nh8 Ra3+ 54. Ke4 $2 {[%mdl 8192]} (54. Kd2 $11) 54... Kf2 {[%csl Gf2][%cal Ra3e3]} 55. f5 gxf5+ 56. Kf4 Rg3 0-1

[Event "BL 2016-17"]
[Site "Germany"]
[Date "2017.03.19"]
[Round "10"]
[White "Feygin, Michael"]
[Black "Jobava, Baadur"]
[Result "1/2-1/2"]
[WhiteElo "2476"]
[BlackElo "2701"]
[Annotator "TA"]
[PlyCount "76"]
[EventDate "2017.??.??"]
[EventType "team-tourn"]
[EventCountry "GER"]
[SourceTitle "playchess.com"]
[Source "ChessBase"]
[SourceQuality "1"]
[WhiteTeam "Mülheim Nord"]
[BlackTeam "Hockenheim"]

{[%evp 16,76,8,0,21,7,1,29,37,0,4,0,0,-15,-12,-18,0,0,2,2,20,12,16,14,13,12,14,15,16,-5,0,0,0,-8,0,0,20,0,0,0,14,12,40,27,27,25,42,33,24,10,8,4,7,7,8,0,8,0,0,0,13,0,7]} 1. e4 e5 2. Nf3 Nf6 3. Nxe5 d6 4. Nf3 Nxe4 5. d4 d5 6. Bd3 Bd6 7. O-O O-O 8. Nc3 Nxc3 9. bxc3 Nd7 {C42: Petroff Defence: 3 Nxe5 and unusual White 3rd moves} (9... c5 10. dxc5 Bxc5 11. Ng5 g6 12. c4 dxc4 13. Bxc4 Qxd1 14. Rxd1 Nc6 15. Bb2 Bf5 16. Bd3 Bxd3 17. Rxd3 Rfd8 18. Nxh7 Rxd3 19. Nf6+ Kf8 20. cxd3 Rd8 21. Rd1 Bd4 22. Ba3+ Kg7 23. Ne4 Rd5 24. Rb1 {½-½ (24) Baklan,V (2630)-Cabrera,A (2513) Burguillos 2008}) 10. Re1 Re8 11. Bg5 f6 {White has an edge.} 12. Bh4 $146 (12. Be3 Nb6 13. Nd2 Be6 14. Qh5 g6 15. Bxg6 hxg6 16. Qxg6+ Kh8 17. Qh6+ {½-½ (17) Pott,B (1893)-Malmstroem,J (1906) LSS email 2008}) 12... Rxe1+ 13. Qxe1 Nb6 14. Qe3 Qf8 15. Nd2 Bg4 {[#] Strongly threatening ...Re8.} 16. Bg3 Bd7 17. c4 {[%cal Bc3c4,Bc4c5][%mdl 32] White wants to play c5.} Re8 18. Bxd6 Qxd6 19. c5 Rxe3 20. cxd6 Re8 21. dxc7 Rc8 22. Rb1 (22. Nf1 $5 {looks sharper.} Rxc7 23. Ne3 Kf7 24. g3 g6 25. a4) 22... Rxc7 23. Rb4 Kf7 24. Kf1 ({Don't capture} 24. Bxh7 $2 g6 25. Rb2 Kg7 $19) 24... h6 25. Ke1 Ke7 26. Nb1 Kd6 27. Kd2 Nc8 28. Nc3 Ne7 29. Rb1 Nc8 30. Nd1 a6 31. Ne3 b5 32. c3 Nb6 {The position is equal.} 33. Re1 Na4 34. Rc1 Nb2 35. Be2 Rc8 36. Rc2 Na4 37. Rc1 Nb6 38. g3 Na4 1/2-1/2

[Event "BL 2016-17"]
[Site "Germany"]
[Date "2017.03.19"]
[Round "10"]
[White "Wirig, Anthony"]
[Black "Zysk, Robert"]
[Result "1-0"]
[WhiteElo "2476"]
[BlackElo "2398"]
[Annotator "TA"]
[PlyCount "77"]
[EventDate "2017.??.??"]
[EventType "team-tourn"]
[EventCountry "GER"]
[SourceTitle "playchess.com"]
[Source "ChessBase"]
[SourceQuality "1"]
[WhiteTeam "Schwäbisch Hall"]
[BlackTeam "Zugzwang München"]

{[%evp 9,77,-1,18,-34,-34,-29,-32,-29,-35,-33,0,-30,-16,-24,-31,-29,-7,-10,-11,-18,0,0,0,0,-22,-67,63,-53,0,0,35,35,38,69,84,85,89,63,140,118,95,57,125,100,300,308,397,399,399,360,411,412,404,404,493,389,345,271,333,333,415,415,664,659,594,657,709,673,1683,1649]} 1. Nf3 Nf6 2. d4 e6 3. Bf4 b6 4. e3 Bb7 5. h3 Bd6 {LiveBook: 10 Games. A47: 1 d4 Nf6 2 Nf3 b6: Torre, London and Colle Systems} 6. Bd3 $146 (6. Bxd6 $11 cxd6 7. c4) (6. Bxd6 cxd6 7. Bd3 d5 8. O-O O-O 9. a4 Nc6 10. c3 Ne4 11. Na3 f5 12. Nd2 Qe7 13. f3 {0-1 (89) Vitiugov,N (2726)-Anton Guijarro,D (2650) Tallinn 2016}) 6... Bxf4 $15 7. exf4 c5 {Black has an edge.} 8. dxc5 bxc5 9. O-O Qc7 10. Ne5 Nc6 11. Re1 d6 12. Ng4 Nxg4 13. Qxg4 O-O 14. f5 {[%cal Bf4f5,Bf5f6][%mdl 32]} Ne5 15. Rxe5 dxe5 16. f6 $1 $40 {[%csl Gf6][%cal Rg4g7][%mdl 128] White mounts an attack.} g6 17. Qg5 {Intending Qh6 and mate.} Kh8 (17... Qd8 $15 18. Nc3 h6 $1 {[%mdl 512]} 19. Qxe5 Qd4) 18. Nc3 (18. Nd2 $1 $14) 18... Rad8 ({Better is} 18... c4 $15 19. Be4 Rad8) 19. Re1 $11 Rg8 20. Rxe5 Bd5 21. b3 {[%cal Bb2b3,Bb3c4][%mdl 32]} Qd6 {[#]} 22. h4 $1 Qf8 23. Na4 {[#]} c4 $1 {[%mdl 512]} (23... Qd6 $14) 24. bxc4 $16 Bc6 25. Nc3 {[%cal Ba4c3,Bc3e2,Be2d4,Bd4b5][%mdl 32]} Rd4 {[#]} (25... Qb4 $14 26. Ne4 Qe1+ 27. Kh2 Bxe4) 26. Ne2 $1 {[%cal Re2d4]} h6 $2 (26... Rd6 $16) 27. Qg3 $18 Rd7 28. Qe3 Rb7 29. Kh2 Rd7 30. Nd4 Ba8 31. Kg1 ({Less strong is} 31. c5 Rd5 $18) 31... Rc7 32. Nb5 Rd7 33. Nxa7 Kh7 34. Nb5 ({Weaker is} 34. h5 Rxd3 35. cxd3 gxh5 $14) 34... Kh8 35. a4 {[%cal Ba2a4,Ba4a5][%mdl 32]} Bc6 (35... Kh7 $142 36. h5 Rxd3 37. Qxd3 Qb4) 36. Nd4 {White is clearly winning.} Ba8 37. a5 Bb7 38. Rb5 Ba6 {[#]} 39. Rb8 $1 {[%mdl 512]} 1-0

[Event "BL 2016-17"]
[Site "Germany"]
[Date "2017.03.19"]
[Round "10"]
[White "Mons, Leon"]
[Black "Postny, Evgeny"]
[Result "0-1"]
[WhiteElo "2472"]
[BlackElo "2606"]
[Annotator "TA"]
[PlyCount "78"]
[EventDate "2017.??.??"]
[EventType "team-tourn"]
[EventCountry "GER"]
[SourceTitle "playchess.com"]
[Source "ChessBase"]
[SourceQuality "1"]
[WhiteTeam "Zugzwang München"]
[BlackTeam "Schwäbisch Hall"]

{[%evp 24,78,20,18,22,18,42,0,30,0,0,0,0,0,0,-17,-27,-23,-17,0,0,0,0,0,0,0,0,0,0,0,0,-13,-17,-370,-364,-386,-384,-369,-391,-391,-377,-390,-391,-464,-461,-454,-454,-755,-730,-1897,-1783,-1876,-1794,-1826,-1734,-2639,-2536]} 1. d4 Nf6 2. c4 e6 3. Nc3 Bb4 4. e3 d5 5. a3 Bxc3+ 6. bxc3 O-O 7. cxd5 exd5 8. Bd3 b6 9. Ne2 Ba6 10. Bxa6 Nxa6 11. Qd3 Qc8 12. f3 c5 13. O-O Re8 {E49: Nimzo-Indian: Rubinstein: 5 Bd3 d5 6 a3 Bxc3+ 7 bxc3} 14. Ng3 Qb7 15. Bb2 Re6 {The position is equal.} 16. Rfe1 c4 17. Qd2 b5 $146 (17... Rae8 18. Re2 h5 19. Rae1 g6 20. a4 Qe7 {1-0 (50) Peralta,F (2549)-Mareco,S (2356) San Luis 2007}) 18. Re2 Rae8 19. Rae1 Nc7 20. Qc2 h5 {[%cal Bh7h5,Bh5h4][%mdl 32]} 21. Qf5 h4 22. Nh1 a5 $36 {[%mdl 2048] White is under pressure.} 23. Qh3 b4 24. axb4 axb4 25. Qxh4 bxc3 26. Bxc3 Qb3 27. Bd2 $1 Nb5 {[%cal Bc7b5,Bb5d4,Bd4b3][%mdl 32]} 28. Qf2 $2 {[%mdl 8192]} (28. Ng3 $11 {and White stays safe.}) 28... c3 $19 29. Bc1 {[#]} Nxd4 $1 {[%mdl 512]} 30. Ra2 (30. exd4 Rxe2) 30... Qc4 31. Ng3 Nb3 (31... c2 32. Rb2 $17) 32. Qe2 {intending Qxc4.} Qc5 33. Nf1 d4 {[%cal Bd5d4,Bd4e3][%mdl 32] Black is clearly winning.} (33... Nxc1 34. Rxc1 d4 35. Qd3 Rxe3 36. Nxe3 Rxe3 37. Qd1 $19 (37. Ra8+ $2 Ne8 38. Rxe8+ Rxe8 $19)) 34. Ba3 Qb6 35. Rb1 (35. Kh1 $142) 35... dxe3 36. Bc5 Qxc5 37. Rxb3 Nd5 {[%cal Bf6d5,Bd5b4,Bb4c2][%mdl 32]} 38. g3 Nb4 39. Ra1 {[#]} Nc2 $1 {[%mdl 512]} 0-1

[Event "BL 2016-17"]
[Site "Jenbach"]
[Date "2017.04.21"]
[Round "10"]
[White "Diermair, Andreas"]
[Black "Kreisl, Robert"]
[Result "1/2-1/2"]
[WhiteElo "2469"]
[BlackElo "2426"]
[Annotator "TA"]
[PlyCount "80"]
[EventDate "2017.??.??"]
[EventCountry "AUT"]
[SourceTitle "playchess.com"]
[Source "ChessBase"]
[SourceQuality "1"]
[WhiteTeam "Feffernitz"]
[BlackTeam "Maria Saal"]

{[%evp 25,80,39,55,21,17,22,88,40,114,114,120,122,170,112,135,106,210,136,114,137,108,104,106,95,102,100,135,98,80,29,30,31,64,32,50,37,60,8,8,-12,-12,-8,-12,-7,-7,-26,-27,-14,-14,-8,-16,-18,0,0,0,-30,0]} 1. c4 c5 2. Nc3 Nf6 3. Nf3 e6 4. g3 d5 5. cxd5 Nxd5 6. Bg2 Nc6 7. O-O Be7 8. d4 O-O 9. Nxd5 exd5 10. dxc5 Bxc5 11. Bg5 Qd7 12. Ne1 {D41: Queen's Gambit Declined: Semi-Tarrasch with 5 cxd5} (12. Rc1 Bb6 13. Bd2 Qe7 14. Bc3 Rd8 15. e3 Bf5 16. Re1 Be4 17. Re2 Rd7 18. Rd2 Rad8 19. Qe2 Rd6 {½-½ (36) Ding,L (2755)-Anand,V (2770) Saint Louis 2016}) 12... d4 13. Nd3 Bb6 {LiveBook: 9 Games} 14. Rc1 {White is slightly better.} Qf5 15. Bd2 Bd7 $146 (15... Be6 $11 {remains equal.}) (15... Rd8 16. a4 Ne5 17. b4 a5 18. Nc5 axb4 19. Nxb7 Bxb7 20. Bxb7 {1-0 (40) Utemov,V (2405)-Titenko,V Moscow 1990}) 16. b4 {[%cal Bb2b4,Bb4b5][%mdl 32]} a5 {[#]} (16... Be6 $1 $14) 17. b5 $1 $16 {[%cal Rb5c6]} Nd8 18. a4 Re8 {[#]} 19. Nf4 ({White should try} 19. Re1 $1 $18) 19... Be6 20. Re1 g5 (20... Ba2 $16 {was worth a try.} 21. Qc2 Qxc2 22. Rxc2 Bb3) 21. Nxe6 Rxe6 22. Qb3 Re7 23. Qd3 Qf6 24. Qf3 Kg7 25. Qg4 h6 26. h4 {[%cal Rh4g5]} Qe6 27. Qxe6 (27. Qf3 $16 f6 28. Qa3) 27... Nxe6 $11 28. Rc4 Rd8 29. Rec1 f5 30. Bf3 Kf6 31. hxg5+ (31. Kf1 $14) 31... hxg5 32. Rc8 g4 {Threatens to win with ...Rxc8.} 33. Bg2 Rxc8 34. Rxc8 Nc5 35. Kf1 Nxa4 36. Rg8 {And now Bg5+ would win.} Rg7 37. Rf8+ Rf7 38. Rg8 {aiming for Bg5+.} Rg7 ({Don't play} 38... Nc3 $6 39. Bg5+ Ke5 40. Rg6 $16) 39. Rf8+ Rf7 40. Rg8 {Bg5+ is the strong threat.} Rg7 ({Stronger than} 40... Nc3 41. Bg5+ Ke5 42. Rg6 $16) 1/2-1/2

[Event "BL 2016-17"]
[Site "Germany"]
[Date "2017.03.19"]
[Round "10"]
[White "Hoffmann, Michael"]
[Black "Muse, Mladen"]
[Result "1/2-1/2"]
[WhiteElo "2465"]
[BlackElo "2391"]
[Annotator "TA"]
[PlyCount "39"]
[EventDate "2017.??.??"]
[EventType "team-tourn"]
[EventCountry "GER"]
[SourceTitle "playchess.com"]
[Source "ChessBase"]
[SourceQuality "1"]
[WhiteTeam "Aufwärts Aachen"]
[BlackTeam "König Tegel"]

{[%evp 20,39,64,60,53,47,56,58,53,64,62,56,60,61,46,59,59,61,68,0,0,0]} 1. e4 d5 2. exd5 Qxd5 3. Nc3 Qd6 4. d4 Nf6 5. Nf3 a6 6. g3 {[%cal Bg2g3,Bg3g4][%mdl 32]} Bg4 7. Bg2 {B01: Scandinavian Defence} Nc6 (7... c6 8. O-O e6 9. h3 Bxf3 10. Bxf3 Be7 11. b3 O-O 12. Bb2 Nbd7 13. Ne2 Rad8 14. Re1 Rfe8 {0-1 (64) Hou,Y (2663)-Megaranto,S (2535) Almaty 2016}) 8. O-O O-O-O 9. h3 Bh5 10. Bf4 Qb4 11. g4 {LiveBook: 23 Games} Bg6 {[%cal Rc6d4]} 12. a3 Qxb2 13. Qe1 $1 e6 $1 (13... Nxd4 14. Nxd4 Rxd4 15. Rb1 Qxc2 16. Bxb7+ Kd7 17. Qe5 $18) 14. Ne5 $1 Nd5 $1 {[%cal Rd5f4]} (14... Qxc2 $6 15. Bxc6 (15. Nxc6 bxc6 16. Bxc6 Bd6 $15) 15... bxc6 16. Qe3 $11 (16. Nxc6 Bd6 17. Rc1 Qd3 $11) (16. Nxg6 hxg6 17. Qe3 Qb3 $17)) 15. Nxd5 (15. Nxg6 hxg6 16. Nxd5 exd5 $11) 15... exd5 16. Nxc6 bxc6 17. Bg5 $146 Bd6 ({Don't take} 17... Bxc2 $2 18. Bxd8 Kxd8 19. Qd2 Bxa3 {[#]} 20. Rxa3 $1 {[%mdl 512]} Qxa3 21. Qxc2 $18) ({Much weaker is} 17... f6 $6 18. Qe6+ Rd7 19. Rfb1 (19. Qxc6 Qb7 20. Qxb7+ Kxb7 $14) 19... Qxc2 20. Bf4 $18) 18. Bxd8 Rxd8 19. c3 ({White should try} 19. Qe3 $1 $14) 19... Kd7 20. Qe3 1/2-1/2

[Event "BL 2016-17"]
[Site "Germany"]
[Date "2017.03.19"]
[Round "10"]
[White "Schenk, Andreas"]
[Black "Vogel, Roven"]
[Result "1-0"]
[WhiteElo "2457"]
[BlackElo "2437"]
[Annotator "TA"]
[PlyCount "65"]
[EventDate "2017.??.??"]
[EventType "team-tourn"]
[EventCountry "GER"]
[SourceTitle "playchess.com"]
[Source "ChessBase"]
[SourceQuality "1"]
[WhiteTeam "Bayern München"]
[BlackTeam "TU Dresden"]

{[%evp 10,65,13,0,14,6,0,0,14,4,11,0,0,0,0,1,8,-1,28,23,21,14,18,10,15,14,12,18,31,33,51,63,82,66,104,88,283,275,262,270,267,272,580,577,733,737,734,732,710,700,685,648,1172,1137,1111,1099,1001,899]} 1. d4 d5 2. c4 c6 3. Nf3 Nf6 4. Qb3 dxc4 5. Qxc4 Bg4 6. Nbd2 (6. e3 $5 {with more complications.} Nbd7 7. Nbd2 e6 8. Bd3 Be7 9. O-O) 6... Nbd7 {D23: Queen's Gambit Accepted: 3 Nf3 Nf6 sidelines} 7. g3 (7. Ng5 e6 $15) 7... e6 8. Bg2 Be7 {The position is equal.} (8... Bd6 9. Qb3 Nb6 10. Ne5 Bh5 11. Ndc4 Bxe5 12. dxe5 Nxc4 13. Qxc4 Qa5+ 14. Bd2 Qxe5 {1-0 (50) Ivanchuk,V (2747)-Dreev,A (2652) Doha 2016}) 9. O-O O-O 10. Qb3 Qb6 11. Nc4 Qa6 12. Bg5 h6 13. Bd2 $146 (13. Bxf6 Bxf6 14. e3 {½-½ (44) Ovetchkin,R (2549)-Matlakov,M (2533) Dagomys 2009}) 13... Nd5 14. Rfe1 c5 15. e4 Bxf3 16. Bxf3 Nc7 17. dxc5 Nxc5 18. Qc2 $1 $36 {[%mdl 2048] White is pushing.} Nb5 {[#] ...Nd4 is the strong threat.} 19. Be3 {Strongly threatening a4.} Rfd8 20. Red1 Rxd1+ 21. Rxd1 ({But not} 21. Bxd1 $6 Rd8 $11) 21... Qxa2 22. e5 {[%cal Be4e5,Be5d6][%mdl 32]} Qa6 $2 (22... Qb3 $16 23. Qxb3 Nxb3) 23. Nd6 $18 Bxd6 24. exd6 Nd7 {[#]} 25. Qe4 $1 Rb8 $2 (25... Nf6 {is tougher.} 26. Qb4 (26. Qxb7 Qxb7 27. Bxb7 Rd8 $16) 26... Rd8) 26. Qb4 {White is clearly winning.} Ne5 27. Be2 Qc6 28. Qxb5 Nf3+ 29. Kh1 Qe4 30. Qd3 ({Weaker is} 30. Bxa7 Nd4+ 31. f3 Nxb5 $14) 30... Qc6 {And now ...Ne1+ would win.} 31. Rc1 ({Not} 31. Bxa7 Ne5+ 32. Bf3 Nxf3 $14) 31... Ne5+ 32. Rxc6 Nxd3 33. Rc7 1-0

[Event "BL 2016-17"]
[Site "Germany"]
[Date "2017.03.19"]
[Round "10"]
[White "Paehtz, Elisabeth"]
[Black "Lindgren, Philip"]
[Result "1-0"]
[WhiteElo "2455"]
[BlackElo "2421"]
[Annotator "TA"]
[PlyCount "89"]
[EventDate "2017.??.??"]
[EventType "team-tourn"]
[EventCountry "GER"]
[SourceTitle "playchess.com"]
[Source "ChessBase"]
[SourceQuality "1"]
[WhiteTeam "TU Dresden"]
[BlackTeam "Bayern München"]

{[%evp 10,89,0,0,0,0,31,0,0,0,27,27,28,19,37,17,0,9,14,2,11,1,3,0,16,14,37,33,119,128,118,116,123,120,141,134,141,130,131,133,179,180,171,172,262,187,227,219,274,262,353,355,439,433,493,483,487,336,343,341,456,454,423,377,366,346,478,406,491,505,720,746,695,716,1256,927,6003,7927,2268,2122,29991,29992]} 1. d4 d5 2. c4 e6 3. Nf3 Nf6 4. g3 Bb4+ 5. Nbd2 dxc4 6. Bg2 b5 {E04: Open Catalan: 5 Nf3} (6... O-O 7. O-O b5 8. Ne1 c6 9. a4 Ba6 10. Nc2 Be7 11. axb5 Bxb5 12. Nb1 Nbd7 13. Bd2 a5 14. Qe1 a4 15. Bb4 {½-½ (46) Dubov,D (2666)-Yu,Y (2737) Moscow 2016}) 7. O-O Bb7 8. a4 a6 {The position is equal.} 9. axb5 $146 (9. Qc2 O-O 10. Rd1 Nbd7 11. e4 Bxd2 12. Nxd2 c5 13. dxc5 Qc7 14. b3 Nxc5 15. axb5 axb5 16. Rxa8 Rxa8 17. bxc4 {0-1 (38) Salemgareev,T (2305)-Khismatullin,D (2617) Sochi 2016}) 9... axb5 10. Rxa8 Bxa8 {[#]} 11. Nxc4 $1 {[%mdl 512]} O-O (11... bxc4 12. Qa4+) 12. Na3 Bxa3 13. bxa3 Bd5 14. Qd3 c6 15. Bg5 Nbd7 16. Re1 Qa5 17. Bd2 Qa4 (17... Qb6 $5 {feels hotter.} 18. Bb4 Be4 19. Qe3 Re8 20. Rc1 Bd5) 18. e4 Qb3 ({Better is} 18... Nxe4 $14 19. Rxe4 Nc5 20. dxc5 Bxe4) 19. Qxb3 $16 Bxb3 {[#]} 20. Bb4 $1 $36 {[%cal Rb4f8][%mdl 2048] White is on the roll.} Rc8 21. Nd2 Ba4 22. f4 Nb8 23. Rc1 Rd8 24. Bc5 Nfd7 25. Be7 Re8 26. Bd6 f6 (26... Nb6 $142 27. Bc7 N8d7) 27. Kf2 Kf7 28. e5 f5 29. h3 {[%cal Bh2h3,Bh3g4][%mdl 32]} h6 30. g4 fxg4 31. hxg4 g6 32. Be4 Nb6 33. Bxb8 Rxb8 34. Rxc6 Nd5 35. Bxd5 exd5 $18 {[%mdl 4096] Endgame KRB-KRN} 36. Rf6+ Kg7 37. Rd6 Rc8 38. Rxd5 Rc2 39. Ke2 Ra2 40. Rd7+ Kf8 41. e6 Bb3 42. f5 Bc4+ 43. Ke3 Rxa3+ 44. Kf4 Ba2 45. Ne4 1-0